000
00259nam a2200109Ia 4500
008
220216s9999 xx 000 0 und d
100
_a
Madhu C B
245
0
_a
Rubberthottangalile aadine pattiyidal!
260
_b
Rubber
_c
2013
300
_a
22-23
942
_c
JS
999
_c
68314
_d
68314